000 00335nam a22001457a 4500
008 221122b ||||| |||| 00| 0 eng d
020 _a9781449609221
041 _aeng
080 _2SEVENTH EDITION
_a61
082 _a61
100 _a5
101 _aMJK
245 _aEMERGENCY CARE IN THE STREETS
_cCAROLINE'S N
942 _2udc
_cBK
999 _c59006
_d59006